000 00403nam a22001572 4500
001 0000005683
005 20151217160111.0
008 070620s xx 000 0 eng d
040 _aKABU
_cKABU
050 0 _aQL706.8
_b.E53
245 1 0 _aEndangered mammals!.
260 _aChicago :
_bWBI,
_c1995.
300 _a60 p.
908 _a070620
999 _c14251
_d14251